000 03029cam a22011774i 4500
003 PE-LiUPU
005 20250813185348.0
008 150617s r 000 0 d
035 _a(Sirsi) a19117
040 _aPE-LiUPU
_bspa
_cPE-LiUPU
_erda
049 _aPRUA
082 0 4 _a306.8
_bI87
_221
245 0 4 _aLos mejores temas de vida feliz: Sobre educación en familia.
_n2.
264 1 _aBuenos Aires :
_bACES,
_c1987.
300 _a66 páginas ;
_c29 cm
336 _atext
_2rdacontent
337 _aunmediated
_2rdamedia
338 _avolume
_2rdacarrier
505 0 _aLa escuela del hogar -- Más tiempo para nuestros hijos -- Educar, ¿para qué? -- Como educar -- El desarrollo del niño -- La orientación de los sentimientos -- La familia como educadora -- Juegue con sus hijos -- ¿Es necesaria la diciplina? -- La educación social del niño -- Los principios morales -- Como estimular la inteligencia -- La imaginación del niño -- La salud del niño.
526 _aP202
526 _aP201
526 _aP163
526 _aP162
526 _aP161
526 _aP160
526 _aP148
526 _aP147
526 _aP146
526 _aP145
526 _aP144
526 _aP143
526 _aP142
526 _aP141
526 _aP140
526 _aP139
526 _aP138
526 _aP137
526 _aP136
526 _aP135
526 _aP134
526 _aP133
526 _aP129
526 _aP128
526 _aP127
526 _aP120
526 _aP119
526 _aP118
526 _aP116
526 _aP115
526 _aP114
526 _aP110
526 _aP109
526 _aP108
526 _aP104
526 _aP103
526 _aP102
526 _aP99
526 _aP98
526 _aP97
526 _aP96
526 _aP95
526 _aP93
526 _aP90
526 _aP89
526 _aP88
526 _aP83
526 _aP82
526 _aP62
526 _aP59
526 _aP58
526 _aP57
526 _aP51
526 _aP49
526 _aP48
526 _aP47
526 _aP29
526 _aP24
526 _aP20
526 _aP19
526 _aP17
526 _aP15
526 _aP14
526 _aP12
526 _aP10
526 _aP09
526 _aP08
526 _aP07
526 _aP06
526 _aP05
526 _aP04
526 _aP01
650 0 4 _aFamilia
_vObras de divulgación.
700 1 _aItin, Rolando A.,
_edirector.
910 _ajck
_bjvq
_cjck
_d20150616
942 _2ddc
_cBOOK
949 _a306.8 I87 2
_wDEWEY
_c1
_i30802
_lCCODEBUL1
_mBUL
_p00.00
_r0
_sY
_tBOOK
_u19891025
_xEDUCACION
_zUNKNOWN
_0COMPRA
_o.STAFF. Colección General
994 _aC0
_bPEPRU
596 _a1
999 _a306.8 I87 2
_wDEWEY
_c18884
_i30802
_d18884
_e2016-10-24
_f2021-11-8
_g5
_lCCODEBUL1
_mBUL
_n3
_r0
_sY
_tBOOK
_u2015-6-17
_xEDUCACION
_zUNKNOWN
_0COMPRA
_o.STAFF. Colección General
980 _81
_gALBERTO SANCHEZ Responsable de Automatización